000 00586nam a2200217 a 4500
001 17888
003 CO-ViMGA
008 141112s2004 ck r 000 u spa d
020 _a9580442193
040 _aCO-ViMGA
_bspa
_cCO-ViMGA
082 0 4 _aPRIp
100 1 _aPrieto, Iliana
_925307
245 1 0 _aLa Princesa del retrato y el dragón Rey
260 _aBogotá,
_cNorma,
_c1998
300 _a205.p.
490 _aTorre de papel
650 1 4 _aCUENTOS INFANTILES
_92743
650 1 4 _aDRAGONES - CUENTOS
_925308
650 1 4 _aPRINCIPES - CUENTOS INFANTILES
_925309
942 _2ddc
_cBK
999 _c27297
_d27297